| 000 | 00815nam a2200265 a 4500 | ||
|---|---|---|---|
| 008 | |||
| 020 | _a0902565257 (pbk.) | ||
| 049 | _aMAIN | ||
| 090 | 0 | _aKDK1480BAL | |
| 100 | 1 | _aBale, Norman. | |
| 245 | 1 | 0 |
_aCapital acquisitions tax / _cby Norman Bale & John Condon. |
| 250 | _a8th ed. | ||
| 260 |
_aDublin : _bInstitute of Taxation in Ireland, _c1982. |
||
| 300 |
_axxvi, 422 p.: _bill. ; _c25 cm. |
||
| 500 | _aFinance Act 1994. | ||
| 500 | _aIncludes index. | ||
| 650 | 0 |
_aInheritance and transfer tax _xLaw and legislation _zIreland. |
|
| 650 | 0 |
_aGifts _xTaxation _xLaw and legislation _zIreland. |
|
| 700 | 1 | _aCondon, John. | |
| 907 |
_a.b10155259 _b28-03-06 _c28-02-05 |
||
| 003 | |||
| 005 | 20230123134152.0 | ||
| 040 | _cNUST | ||
| 942 |
_cBOOKS _kKDK1480BAL |
||
| 999 |
_c161245 _d161245 |
||